|
|
|
|
| LEADER |
00000nab a2200000 a 4500 |
| 001 |
vtls000629565 |
| 003 |
SK-MaSNL |
| 005 |
20260304091846.0 |
| 008 |
250425c1997 xo 0 slo |
| 015 |
|
|
|a SNBRB19rr/mm-uuuuu
|
| 035 |
|
|
|a CL0629704
|
| 035 |
|
|
|a urn:nbn:sk:snk-abbqxw
|
| 035 |
|
|
|a (urnnbn)urn:nbn:sk:snk:ar-0053xj
|
| 035 |
|
|
|a (uuid)56ba8fdc-ab85-43e4-8f8e-c12dee5366bf
|
| 040 |
|
|
|a SNKBUCL
|b slo
|c SNKBUCL
|e AACR2
|
| 041 |
1 |
|
|a slo
|h swe
|
| 044 |
|
|
|a xo
|c SK
|
| 080 |
|
|
|a 839.7 (480)-1
|2 1981
|
| 100 |
1 |
|
|a Ågren, Gösta,
|d 1936-2020
|4 aut
|9 224325
|
| 245 |
1 |
0 |
|a Leto ; Život a plač
|c Gösta Agren ; preklad Magdaléna Hiadlovská
|
| 650 |
0 |
7 |
|a miniatúry básnické
|2 snkbucl
|9 900261
|
| 655 |
|
7 |
|a fínska poézia (švédsky)
|2 snkbucl
|9 953795
|
| 655 |
|
7 |
|a články z novín a časopisov
|2 snkbucl
|9 267496
|
| 700 |
1 |
|
|a Hiadlovská, Magdaléna
|4 trl
|9 11114
|
| 773 |
0 |
|
|t Revue svetovej literatúry
|g Roč. 33, č. 2 (1997), s. 149
|x 0231-6269
|
| 850 |
|
|
|a Slovenská národná knižnica
|
| 852 |
|
|
|a Slovenská národná knižnica
|
| 954 |
|
|
|a beletria cudzojazyčná (svetová)
|2 lita
|
| 958 |
|
|
|a article15
|
| 958 |
|
|
|a OND
|
| 958 |
|
|
|a LX
|
| 958 |
|
|
|a SE
|
| 958 |
|
|
|a FI
|
| 958 |
|
|
|a RK
|
| 958 |
|
|
|a EUIPO
|
| 992 |
|
|
|a RBX
|
| 999 |
|
|
|c 2817115
|d 2819045
|